THE NEGOTIABLE INSTRUMENT ACT 1881 (Record no. 34079)

MARC details
000 -LEADER
fixed length control field 00322nam a22001457a 4500
003 - CONTROL NUMBER IDENTIFIER
control field SGT
020 ## - INTERNATIONAL STANDARD BOOK NUMBER
International Standard Book Number 9789395759199
082 ## - DEWEY DECIMAL CLASSIFICATION NUMBER
Classification number 346
Item number BAN
100 ## - MAIN ENTRY--PERSONAL NAME
Personal name BANGIA R K
245 ## - TITLE STATEMENT
Title THE NEGOTIABLE INSTRUMENT ACT 1881
250 ## - EDITION STATEMENT
Edition statement 13
260 ## - PUBLICATION, DISTRIBUTION, ETC. (IMPRINT)
Place of publication, distribution, etc FARIDABAD
Name of publisher, distributor, etc ALLAHABAD LAW AGENCY
Year of Publication 2023
300 ## - PAGE DESCRIPTION
No. of Pages 263
942 ## - ADDED ENTRY ELEMENTS (KOHA)
Source of classification or shelving scheme Dewey Decimal Classification
Koha item type Books
Holdings
Withdrawn status Lost status Source of classification or shelving scheme Damaged status Not for loan Collection code Home library Current library Shelving location Date acquired Vendor Name Cost, normal purchase price SGTU Bill Number Full call number Accession No. (Barcode) Date last seen Bill Date Koha item type Total Checkouts
    Dewey Decimal Classification   Not For Loan LAW SGT Science & Social Sciences Library SGT Science & Social Sciences Library Reference Book 13/02/2026 ZAFFA BOOKS AND DISTRIBUTOR 300.00 SGTU ZBD0409 346 BAN FL3991 13/02/2026 30/01/2026 Books  
    Dewey Decimal Classification     LAW SGT Science & Social Sciences Library SGT Science & Social Sciences Library Text Book 13/02/2026 ZAFFA BOOKS AND DISTRIBUTOR 300.00 SGTU ZBD0409 346 BAN FL3992 13/02/2026 30/01/2026 Books  
    Dewey Decimal Classification     LAW SGT Science & Social Sciences Library SGT Science & Social Sciences Library Text Book 13/02/2026 ZAFFA BOOKS AND DISTRIBUTOR 300.00 SGTU ZBD0409 346 BAN FL3993 13/02/2026 30/01/2026 Books  
    Dewey Decimal Classification     LAW SGT Science & Social Sciences Library SGT Science & Social Sciences Library Text Book 13/02/2026 ZAFFA BOOKS AND DISTRIBUTOR 300.00 SGTU ZBD0409 346 BAN FL3994 13/02/2026 30/01/2026 Books  
    Dewey Decimal Classification     LAW SGT Science & Social Sciences Library SGT Science & Social Sciences Library Text Book 13/02/2026 ZAFFA BOOKS AND DISTRIBUTOR 300.00 SGTU ZBD0409 346 BAN FL3995 13/02/2026 30/01/2026 Books